[Event "Porzellan Cup rap"]
[Site "Dresden"]
[Date "1997.??.??"]
[Round "25"]
[White "Bologan, Viktor"]
[Black "Shirov, Alexei"]
[Result "1/2-1/2"]
[WhiteElo "2575"]
[BlackElo "2690"]

1.e4 d5 2.exd5 Nf6 3.d4 Bg4 4.f3 Bf5 5.c4 e6 6.dxe6 Nc6 7.Ne2 fxe6 8.a3 Qd7
9.Be3 O-O-O 10.Nbc3 g5 11.Qa4 Qg7 12.O-O-O Nd7 13.b4 Nb6 14.Qb3 Be7 15.d5 exd5
16.cxd5 Qe5 17.Bf2 Bf6 18.dxc6 Be6 19.cxb7+ Kxb7 20.Qc2 Bf5 21.Qb3 Be6 22.Qb1 Rxd1+
23.Nxd1 Bf5 24.Qb2 Qd6 25.Bd4 Rd8 26.Ne3 Bxd4 27.Qxd4 Qe6 28.Qxd8 Qxe3+ 29.Qd2 Qxa3+
30.Kd1 Bd3 31.Nc1 Nc4 32.Qxd3 Nb2+ 33.Kc2 Nxd3 34.Bxd3 Qxb4 35.Bxh7 Qc5+
36.Kd1 Qf2 37.Be4+ Kc8 38.g4 a5 39.Re1 Qxh2 40.Re2 Qg1+ 41.Kc2 a4 42.Kb1 Qb6+
43.Rb2 Qd4 44.Ne2 Qc4 45.Nc1 c5 46.Nd3 a3 47.Rb6 a2+ 48.Ka1 Qc2 49.Rb2 Qd1+
50.Kxa2 c4 51.Nb4 Qa4+ 52.Kb1 Qd1+  1/2-1/2

[Event "Porzellan Cup rap"]
[Site "Dresden"]
[Date "1997.??.??"]
[Round "25"]
[White "Shirov, Alexei"]
[Black "Bologan, Viktor"]
[Result "1/2-1/2"]
[WhiteElo "2690"]
[BlackElo "2575"]

1.d4 Nf6 2.c4 g6 3.Nc3 Bg7 4.e4 d6 5.Be2 O-O 6.Nf3 e5 7.O-O Nc6 8.d5 Ne7
9.b4 Nh5 10.Re1 Nf4 11.Bf1 a5 12.Ba3 Bg4 13.h3 Bxf3 14.Qxf3 axb4 15.Bxb4 c5
16.dxc6 Nxc6 17.a3 Ne6 18.Nb5 Nxb4 19.axb4 Qb6  1/2-1/2

[Event "Porzellan Cup rap"]
[Site "Dresden"]
[Date "1997.??.??"]
[Round "25"]
[White "Almasi, Zoltan"]
[Black "Bologan, Viktor"]
[Result "1/2-1/2"]
[WhiteElo "2595"]
[BlackElo "2575"]

1.e4 c5 2.Nf3 d6 3.d4 cxd4 4.Nxd4 Nf6 5.Nc3 Nc6 6.Bg5 e6 7.Qd2 Be7 8.O-O-O O-O
9.f4 Nxd4 10.Qxd4 Qa5 11.Bc4 Bd7 12.e5 dxe5 13.fxe5 Bc6 14.Bd2 Nd7 15.Nd5 Qc5
16.Nxe7+ Qxe7 17.Rhe1 Rfd8 18.Qg4 Nc5 19.Bg5 Rxd1+ 20.Rxd1 Qf8 21.Qh4 Re8
22.Rd4 Nd7 23.Bd3 g6 24.Bh6 Qe7 25.Qf4 Rc8 26.Kd2 a6 27.b3 Bd5 28.c4 Bc6
29.h4 f6 30.exf6 Qxf6 31.Qxf6 Nxf6 32.g3 Kf7 33.Rf4 e5 34.Rf1 Ke6 35.Bg5 Rf8
36.Bxf6 Rxf6 37.Rxf6+ Kxf6 38.Ke3 b6 39.c5 bxc5 40.Bxa6 h6 41.a4 Ke7 42.Bd3 g5
43.Be4 Bd7 44.a5 Bc8 45.Bd3 gxh4 46.gxh4 Kd6 47.a6 Kc7 48.Ke4 Kb6 49.Kxe5 Bxa6
50.Bc4 Bb7 51.Kf6 Bf3 52.Kg6 h5 53.Kg5 Bd1 54.Bf7 Ka5 55.Bxh5 Bxb3 56.Bg6 Bd1  1/2-1/2

[Event "Porzellan Cup rap"]
[Site "Dresden"]
[Date "1997.??.??"]
[Round "25"]
[White "Uhlmann, Wolfgang"]
[Black "Bologan, Viktor"]
[Result "0-1"]
[WhiteElo "2480"]
[BlackElo "2575"]

1.c4 Nf6 2.Nc3 g6 3.e4 d6 4.d4 Bg7 5.Be2 O-O 6.Bg5 h6 7.Be3 Nbd7 8.Qd2 c5
9.d5 Kh7 10.Nf3 b5 11.cxb5 a6 12.O-O Qa5 13.Qc2 axb5 14.Bxb5 Ba6 15.Bxa6 Qxa6
16.h3 Rfb8 17.Rfe1 Rb4 18.e5 dxe5 19.Bd2 Qb7 20.Rab1 e4 21.Nxe4 Rxe4 22.Rxe4 Nxe4
23.Qxe4 Nf6 24.Qc4 Qxd5 25.Qxd5 Nxd5 26.a3 c4 27.Rc1 Bxb2 28.Rxc4 Rxa3 29.Kh2 Bf6
30.Rc5 e6 31.Rb5 g5 32.Rb1 Kg6 33.Re1 Ra2 34.Kg1 h5 35.Be3 g4 36.hxg4 hxg4
37.Nh2 Nxe3 38.fxe3 Bh4 39.Rf1 f5 40.e4 Kg5 41.exf5 exf5 42.Rd1 Bf2+ 43.Kh1 Ra8
44.Rf1 Bg3 45.Kg1 Rh8 46.Nf3+ gxf3 47.Rxf3 Kg4  0-1

[Event "New York op"]
[Site "New York"]
[Date "1997.??.??"]
[Round "?"]
[White "Sevillano, Enrico"]
[Black "Bologan, Viktor"]
[Result "0-1"]
[WhiteElo "2490"]
[BlackElo "2575"]

1.e4 g6 2.d4 Bg7 3.Nc3 c6 4.Bc4 d6 5.Nf3 Nf6 6.Bb3 O-O 7.O-O Bg4 8.h3 Bxf3
9.Qxf3 Nbd7 10.Be3 e6 11.Rad1 Rc8 12.Bg5 Qc7 13.Rfe1 a6 14.Qe2 Rfe8 15.Nb1 e5
16.d5 cxd5 17.Bxd5 Nxd5 18.Rxd5 h6 19.Bc1 Nf6 20.Rd2 b5 21.a3 Bf8 22.Nc3 Qc4
23.Qf3 Qe6 24.Ree2 Rc5 25.Rd1 Rec8 26.Qd3 Rc4 27.Qf3 Kh7 28.Kf1 Be7 29.Qe3 g5
30.Qa7 g4 31.Rd3 Rg8 32.Qxa6 b4 33.axb4 Rxb4 34.Qa7 Bd8 35.Qa3 Rb6 36.Nd5 Nxd5
37.Rxd5 f5 38.Rd3 f4 39.h4 f3 40.Ree3 fxg2+ 41.Kxg2 Qf7 42.Rg3 Be7 43.Qa7 Rc6
44.Rc3 Rxc3 45.Rxc3 Rg7 46.Qd7 Qxf2+ 47.Kxf2 Bxh4+ 48.Kg2 Rxd7 49.b4 Be1
50.Rc4 h5 51.Be3 Rb7 52.c3 h4 53.Rc6 Bg3 54.Rxd6 Bf4 55.Bxf4 exf4 56.e5 Ra7
57.Rd2 Kg6 58.b5 Kf5 59.b6 h3+ 60.Kh2 g3+  0-1

[Event "New York op"]
[Site "New York"]
[Date "1997.??.??"]
[Round "?"]
[White "Zvjaginsev, Vadim"]
[Black "Bologan, Viktor"]
[Result "0-1"]
[WhiteElo "2610"]
[BlackElo "2575"]

1.d4 d5 2.c4 c6 3.Nc3 Nf6 4.Nf3 a6 5.h3 b5 6.cxd5 cxd5 7.Bf4 e6 8.e3 Bb7
9.Bd3 Be7 10.O-O O-O 11.a4 b4 12.Nb1 Nc6 13.Nbd2 Na5 14.Qe2 Qb6 15.Bg5 h6
16.Bh4 Rfc8 17.Ne5 Qd8 18.Bxf6 Bxf6 19.f4 Rc7 20.Rac1 Rxc1 21.Rxc1 Rc8 22.Rf1 Rc7
23.Ng4 Be7 24.f5 exf5 25.Bxf5 Nc4 26.Nxc4 dxc4 27.Bb1 Bg5 28.Qc2 g6 29.h4 h5
30.hxg5 hxg4 31.Rf6 Qd5 32.Rf4 Qxg5 33.g3 Bf3 34.Qh2 f5  0-1

[Event "New York op"]
[Site "New York"]
[Date "1997.??.??"]
[Round "?"]
[White "Bologan, Viktor"]
[Black "Resende, Antonio Carlos"]
[Result "1-0"]
[WhiteElo "2575"]
[BlackElo "2360"]

1.e4 d6 2.d4 Nf6 3.Nc3 g6 4.g3 Bg7 5.Nge2 O-O 6.Bg2 c6 7.a4 e5 8.O-O Na6
9.h3 Nc7 10.Bg5 Ne6 11.Be3 exd4 12.Nxd4 Nxd4 13.Bxd4 Be6 14.f4 Bc4 15.Re1 Ne8
16.Bxg7 Nxg7 17.Qd4 Be6 18.Rad1 Ne8 19.g4 f6 20.f5 Bf7 21.Rd2 Qe7 22.Nd1 gxf5
23.gxf5 Kh8 24.Ne3 Rg8 25.Kh2 Qe5+ 26.Qxe5 fxe5 27.Bf1 Rc8 28.Bc4 Rc7 29.Bxf7 Rxf7
30.Nc4 Rgg7 31.Ree2 d5 32.exd5 cxd5 33.Rxd5 e4 34.Re5 Nf6 35.Nd6 Rf8 36.Nxe4 Nxe4
37.R2xe4 Rgf7 38.Kg3  1-0

[Event "New York op"]
[Site "New York"]
[Date "1997.??.??"]
[Round "?"]
[White "Bologan, Viktor"]
[Black "Yermolinsky, Alex"]
[Result "1-0"]
[WhiteElo "2575"]
[BlackElo "2630"]

1.e4 c5 2.Nf3 d6 3.d4 cxd4 4.Nxd4 Nf6 5.Nc3 e6 6.g4 h6 7.h3 Nc6 8.Be3 Be7
9.Bg2 a6 10.Qe2 Nxd4 11.Bxd4 e5 12.Be3 Be6 13.O-O-O Rc8 14.Nd5 Bxd5 15.exd5 Nd7
16.Kb1 O-O 17.Be4 Bg5 18.h4 Bxe3 19.fxe3 Nc5 20.Bf5 Rc7 21.c3 e4 22.g5 g6
23.gxh6 Qf6 24.Rdf1 gxf5 25.Qh5 Kh8 26.Rxf5 Qd8 27.Rg5 Nd3 28.Rhg1 Ne5 29.h7 Ng6
30.Qh6 Rxc3 31.h5 Rc7 32.hxg6 fxg6 33.Qxg6 Rxh7  1-0

[Event "New York op"]
[Site "New York"]
[Date "1997.??.??"]
[Round "4"]
[White "Bologan, Viktor"]
[Black "Krasenkow, Michal"]
[Result "0-1"]
[WhiteElo "2575"]
[BlackElo "2615"]

1.e4 c5 2.Nf3 Nc6 3.Bb5 e6 4.Bxc6 bxc6 5.d3 Ne7 6.Nh4 Ng6 7.Nxg6 hxg6 8.Be3 d5
9.Nd2 Bd6 10.c3 Ba6 11.Qc2 f5 12.e5 Be7 13.O-O-O Kf7 14.Nf3 g5 15.h3 c4 16.dxc4 Bxc4
17.Nd2 Be2 18.Rde1 Bb5 19.f4 Qa5 20.Kb1 Qa6 21.c4 dxc4 22.Rc1 Rhd8 23.Nxc4 gxf4
24.Bf2 Rab8 25.Qc3 Bxc4 26.Qxc4 Qa5 27.Bd4 Qd2 28.Bc3 Qxg2 29.Qxf4 Bg5 30.Qa4 Bxc1
31.Qxa7+ Kg8 32.Rxc1 Qe4+ 33.Ka1 Ra8 34.Qc5 Qc2 35.Bb4 Qa4 36.a3 Rd1 37.Rxd1 Qxd1+
38.Ka2 Qd5+ 39.Qxd5 exd5 40.e6 f4 41.Bc5 f3 42.b4 Re8  0-1

[Event "RUS-ch Armed Forces"]
[Site "Sevastopol"]
[Date "1997.??.??"]
[Round "4"]
[White "Bologan, Viktor"]
[Black "Kiselev, Sergey"]
[Result "1-0"]
[WhiteElo "2575"]
[BlackElo "2485"]

1.e4 c5 2.Nf3 Nc6 3.d4 cxd4 4.Nxd4 Nf6 5.Nc3 d6 6.Bg5 e6 7.Qd2 a6 8.O-O-O h6
9.Be3 Be7 10.f3 Nxd4 11.Bxd4 b5 12.Kb1 Qa5 13.Bxf6 gxf6 14.Bd3 Bb7 15.Qf2 h5
16.Ne2 Qc7 17.Nd4 Qb6 18.Qe2 Kf8 19.Nb3 b4 20.Bc4 a5 21.Nd4 a4 22.Rhe1 Ra5
23.f4 Rc5 24.b3 axb3 25.cxb3 Rg8 26.g3 Kg7 27.Bd5 Rh8 28.g4 Bc8 29.Bc4 Kf8
30.f5 d5 31.exd5 e5 32.Nc6 Bd6 33.Rf1 hxg4 34.Qxg4 Rxh2 35.Rh1 Rxh1 36.Rxh1 Rxc6
37.dxc6 Qxc6 38.Rh7  1-0

[Event "RUS-ch Armed Forces"]
[Site "Sevastopol"]
[Date "1997.??.??"]
[Round "5"]
[White "Legky, Nikolay A"]
[Black "Bologan, Viktor"]
[Result "0-1"]
[WhiteElo "2535"]
[BlackElo "2575"]

1.d4 Nf6 2.Nf3 g6 3.c4 Bg7 4.Nc3 O-O 5.e4 d6 6.Be2 e5 7.O-O Nc6 8.d5 Ne7
9.b4 Nh5 10.c5 Nf4 11.Bxf4 exf4 12.Rc1 h6 13.Nd2 g5 14.Nc4 a6 15.Bh5 b5 16.Na5 Be5
17.Ne2 dxc5 18.bxc5 c6 19.Nxc6 Nxc6 20.dxc6 Qf6 21.h3 Be6 22.Qc2 Rac8 23.Nc3 Bxc3
24.Qxc3 Qxc3 25.Rxc3 Rxc6 26.Bg4 Bxa2 27.Bd7 Rc7 28.c6 b4 29.Rc5 Rb8 30.Ra1 b3
31.Ra5 Ra7 32.h4 Rb5 33.c7 Rxc7 34.R5xa2 Rxd7  0-1

[Event "RUS-ch Armed Forces"]
[Site "Sevastopol"]
[Date "1997.??.??"]
[Round "9"]
[White "Nikolenko, Oleg"]
[Black "Bologan, Viktor"]
[Result "1/2-1/2"]
[WhiteElo "2450"]
[BlackElo "2575"]

1.e4 e5 2.Nf3 Nc6 3.Bb5 Nf6 4.O-O Nxe4 5.d4 Nd6 6.Bxc6 dxc6 7.dxe5 Nf5 8.Qxd8+ Kxd8
9.Rd1+ Ke8 10.Nc3 h6  1/2-1/2

[Event "RUS-ch Armed Forces"]
[Site "Sevastopol"]
[Date "1997.??.??"]
[Round "11"]
[White "Bologan, Viktor"]
[Black "Kharitonov, Andrei Y"]
[Result "1/2-1/2"]
[WhiteElo "2575"]
[BlackElo "2520"]

1.e4 c6 2.d4 d5 3.Nc3 dxe4 4.Nxe4 Nd7 5.Nf3 Ngf6 6.Nxf6+ Nxf6 7.Bc4 Bf5 8.O-O e6
9.c3 Bg4 10.h3 Bxf3 11.Qxf3 Be7 12.Bg5 Nd5 13.Bxe7 Qxe7 14.Bxd5 cxd5  1/2-1/2

[Event "JUG Cup"]
[Site "Ulcinj"]
[Date "1997.??.??"]
[Round "?"]
[White "Simonovic, Aleksandar"]
[Black "Bologan, Viktor"]
[Result "1/2-1/2"]
[WhiteElo "2410"]
[BlackElo "2575"]

1.c4 Nf6 2.g3 g6 3.Bg2 Bg7 4.Nf3 O-O 5.O-O d6 6.Nc3 a6 7.d3 e5 8.Rb1 h6 9.b4 Be6
10.Nd2 c6 11.a4 d5 12.b5 axb5 13.axb5 Nbd7 14.bxc6 bxc6 15.cxd5 cxd5 16.e4 Nc5
17.exd5 Nxd5 18.Nxd5 Bxd5 19.Ne4 Ne6 20.Rb5 Ra5 21.Rxa5 Qxa5 22.Bxh6 f5 23.Bxg7 Kxg7
24.Nd2 Bxg2 25.Kxg2 Rd8 26.Qe2 Nd4 27.Qe3 Qd5+ 28.Kg1 Nc2 29.Qg5 Rd7 30.Rb1 Nd4
31.Rb6 Ne6 32.Qe3 Nd4 33.Qg5 Ne6 34.Qe3 Nd4 35.Qg5  1/2-1/2

[Event "JUG Cup"]
[Site "Ulcinj"]
[Date "1997.??.??"]
[Round "?"]
[White "Peev, Peicho Chonev"]
[Black "Bologan, Viktor"]
[Result "1-0"]
[WhiteElo "2335"]
[BlackElo "2575"]

1.d4 Nf6 2.c4 g6 3.Nc3 Bg7 4.e4 d6 5.f4 O-O 6.Bd3 c5 7.d5 e6 8.dxe6 fxe6
9.Nge2 e5 10.f5 gxf5 11.exf5 d5 12.cxd5 e4 13.Bc2 c4 14.O-O Na6 15.Ng3 Nb4
16.Bg5 b5 17.Kh1 Bb7 18.Bxe4 Qb6 19.a3 Na6 20.Nh5 Nc5 21.Bc2 Nxh5 22.Qxh5 Nd3
23.Bxd3 cxd3 24.Rad1 a5 25.Qg4 b4 26.f6 bxc3 27.Bh6 Rf7 28.Bxg7 cxb2 29.Bh6+ Kh8
30.Qg7+  1-0

[Event "JUG Cup"]
[Site "Ulcinj"]
[Date "1997.??.??"]
[Round "?"]
[White "Bologan, Viktor"]
[Black "Dragojlovic, Andjelko"]
[Result "1/2-1/2"]
[WhiteElo "2575"]
[BlackElo "2320"]

1.e4 c5 2.Nf3 g6 3.d4 cxd4 4.Nxd4 Bg7 5.c4 Nc6 6.Be3 Nf6 7.Nc3 O-O 8.Be2 d6
9.O-O Bd7 10.f3 Nxd4 11.Bxd4 Qa5 12.Qd2 Rfc8 13.Rac1 Be6 14.b3 Nd7 15.Bxg7 Kxg7
16.f4 f6 17.Qb2 a6 18.Nd5 Bxd5 19.exd5 b5 20.Bg4 Rc7 21.Rfe1 Qb6+ 22.Kh1 Re8
23.cxb5 axb5 24.Rxc7 Qxc7 25.Rc1 Qa7 26.Qc2 f5 27.Be2 b4 28.Qd2 Nf6 29.Bf3 Ra8
30.Rc2 Qa5 31.h3 Ra7 32.Kh2 h5 33.Qd4 Rb7 34.Qd2 Ra7 35.Qe3 Rb7 36.Qe1 Qa7
37.Qd2 Rb5 38.Rc4 Ra5 39.Rc2 Rc5 40.Qe3 Qc7 41.Re2 Kf7 42.Qd4 Rb5 43.Qd3 Rc5
44.Qd4 Rb5  1/2-1/2

[Event "JUG Cup"]
[Site "Ulcinj"]
[Date "1997.??.??"]
[Round "?"]
[White "Gyimesi, Zoltan"]
[Black "Bologan, Viktor"]
[Result "1-0"]
[WhiteElo "2500"]
[BlackElo "2575"]

1.d4 Nf6 2.c4 g6 3.Nc3 Bg7 4.e4 d6 5.Be2 O-O 6.Be3 Nbd7 7.g4 c5 8.d5 b5 9.cxb5 a6
10.f3 Ne8 11.Qd2 Qa5 12.Bh6 axb5 13.Bxg7 Nxg7 14.Nxb5 f5 15.gxf5 gxf5 16.Qxa5 Rxa5
17.Nc3 Ne5 18.O-O-O Nh5 19.Nh3 fxe4 20.fxe4 Ng7 21.Ng1 c4 22.Rf1 Rxf1+ 23.Bxf1 e6
24.Be2 exd5 25.exd5 Bg4 26.Bxg4 Nxg4 27.Nge2 h5 28.Nf4 Kh7 29.Rg1 Nxh2 30.Ne4 Ng4
31.Ng5+ Kg8 32.Nxh5 Nxh5 33.Rxg4 Rxa2 34.Ne4+ Kh7 35.Nxd6 Nf6 36.Rh4+ Kg6
37.Rd4 Ra5 38.Nc8 Kf5 39.d6 Ke6 40.d7 Nxd7 41.Rd6+ Ke5 42.Rxd7 c3 43.b3  1-0

[Event "RUS-Cup02"]
[Site "Moscow"]
[Date "1998.01.23"]
[Round "3"]
[White "Nikolenko, Oleg"]
[Black "Bologan, Viktor"]
[Result "0-1"]
[WhiteElo "2495"]
[BlackElo "2580"]

1.e4 c5 2.Ne2 e6 3.d4 cxd4 4.Nxd4 a6 5.Nc3 b5 6.Bd3 d6 7.O-O Nf6 8.a4 b4
9.Na2 e5 10.Nf3 Nc6 11.Bg5 Be7 12.Bxf6 Bxf6 13.Bc4 Na5 14.Bd5 Rb8 15.Nc1 O-O
16.Nb3 Kh8 17.Nfd2 Be7 18.f4 Nxb3 19.cxb3 f5 20.Nc4 exf4 21.Rxf4 g5 22.Rf1 f4
23.Qh5 Bf6 24.Rad1 Qe7 25.h3 Bd7 26.Rfe1 Be5 27.Nxe5 dxe5 28.Rc1 Qf6 29.Rf1 Rbe8
30.Rc4 a5 31.Rfc1 Re7 32.Bc6 Be6 33.Bd5 Bxd5 34.exd5 e4 35.Rc8 Rf7 36.Kh1 f3
37.gxf3 exf3 38.Rxf8+ Rxf8 39.Rc7 Qf5  0-1

[Event "Chebanenco mem 1st"]
[Site "Kishinev"]
[Date "1998.02.09"]
[Round "1"]
[White "Bologan, Viktor"]
[Black "Sakaev, Konstantin"]
[Result "1/2-1/2"]
[WhiteElo "2580"]
[BlackElo "2620"]

1.e4 c5 2.Nf3 d6 3.d4 cxd4 4.Nxd4 Nf6 5.Nc3 Nc6 6.Bg5 a6 7.Qd2 Qb6 8.Nb3 e6
9.O-O-O Qc7 10.Kb1 b5 11.f4 Be7 12.Bxf6 gxf6 13.Ne2 Bd7 14.f5 a5 15.Nbd4 Nxd4
16.Nxd4 Qc5 17.fxe6 fxe6 18.g3 Kf7 19.Bh3 Ra7 20.Rhf1 h5 21.Nf3 Ke8 22.Nh4 Qg5
23.Qf2 Rc7 24.e5 fxe5 25.Qf7+ Kd8 26.Ng6 Rh6 27.Qg8+ Be8 28.Nxe7 Qxe7 29.Rxd6+ Qxd6
30.Qg5+ Re7 31.Qxh6 Kc7 32.Qe3 Qd4 33.Qa3 Qb4 34.Qxb4 axb4 35.Kc1 Bc6 36.Kd2 Kd6
37.Rf6 Bd5 38.Rh6 Rf7 39.Ke3 Ra7 40.Bf5 Rxa2 41.b3 e4 42.Bxe4 Bxe4 43.Kxe4 Rxc2
44.Rxh5 Rb2 45.Rxb5 Rxb3 46.Kd4 Rb2 47.Rb6+  1/2-1/2

[Event "Chebanenco mem 1st"]
[Site "Kishinev"]
[Date "1998.02.10"]
[Round "2"]
[White "Itkis, Boris"]
[Black "Bologan, Viktor"]
[Result "1/2-1/2"]
[WhiteElo "2460"]
[BlackElo "2580"]

1.d4 Nf6 2.Nf3 g6 3.c4 Bg7 4.g3 O-O 5.Bg2 d6 6.O-O Nc6 7.Nc3 a6 8.h3 Bd7
9.e4 e5 10.dxe5 dxe5 11.Be3 Qc8 12.Kh2 Be6 13.Qe2 h6 14.Rfd1 Rd8 15.Rxd8+ Qxd8
16.Rd1 Nd7 17.Nd5 Rc8 18.b4 Qf8 19.Qd2 Ncb8 20.c5 a5 21.a3 c6 22.Nc3 Na6
23.Qb2 Ra8 24.Bf1 Qb8 25.Nd2 axb4 26.axb4 b6 27.cxb6 Nxb6 28.b5  1/2-1/2

[Event "Chebanenco mem 1st"]
[Site "Kishinev"]
[Date "1998.02.11"]
[Round "3"]
[White "Bologan, Viktor"]
[Black "Lanka, Zigurds"]
[Result "1/2-1/2"]
[WhiteElo "2580"]
[BlackElo "2525"]

1.e4 e5 2.Nf3 Nc6 3.Bb5 a6 4.Ba4 Nf6 5.O-O Be7 6.Re1 b5 7.Bb3 d6 8.c3 O-O
9.h3 Nb8 10.d4 Nbd7 11.Nbd2 Bb7 12.Bc2 Re8 13.Nf1 Bf8 14.Ng3 g6 15.a4 c5
16.d5 Nb6 17.a5 Nbd7 18.c4  1/2-1/2

[Event "Chebanenco mem 1st"]
[Site "Kishinev"]
[Date "1998.02.13"]
[Round "5"]
[White "Bologan, Viktor"]
[Black "Chernov, Vadim"]
[Result "1/2-1/2"]
[WhiteElo "2580"]
[BlackElo "2405"]

1.e4 c5 2.Nf3 e6 3.d4 cxd4 4.Nxd4 Nf6 5.Nc3 Nc6 6.Ndb5 Bb4 7.a3 Bxc3+ 8.Nxc3 d5
9.exd5 exd5 10.Bd3 O-O 11.O-O d4 12.Ne2 Re8 13.h3 h6 14.b4 a5 15.b5 Ne5 16.Bb2 Nd5
17.Be4 Nf6 18.Bd3 Nd5 19.Kh1 Qh4 20.Ng1 Bg4 21.Qd2 Nf3 22.Qd1 Ne5 23.Be2 Bxe2
24.Qxe2 Nc3 25.Bxc3 dxc3 26.f4 Ng6 27.Qf3 b6 28.Ne2 Rac8 29.Rad1 Qe7 30.Ng3 Qxa3
31.Nh5 Qe7 32.Nxg7 Kxg7 33.f5 Qf6 34.fxg6 Qxf3 35.Rxf3 Kxg6 36.Rd7 Re2 37.Rdxf7 Rxc2
38.R7f6+ Kg7 39.Rc6 Rxc6 40.bxc6 Re2 41.Rg3+ Kf7 42.Rxc3 Re8 43.Rb3 Rb8 44.c7  1/2-1/2

[Event "Chebanenco mem 1st"]
[Site "Kishinev"]
[Date "1998.02.14"]
[Round "6"]
[White "Fedorov, Alexei"]
[Black "Bologan, Viktor"]
[Result "0-1"]
[WhiteElo "2595"]
[BlackElo "2580"]

1.e4 c5 2.Nf3 e6 3.Nc3 a6 4.g3 b5 5.Bg2 Bb7 6.d3 d6 7.O-O Nf6 8.a3 Nbd7 9.Nh4 Qc7
10.f4 Be7 11.Bd2 Bc6 12.Qe2 O-O 13.Nd1 c4 14.Nf2 cxd3 15.cxd3 Nc5 16.Rad1 a5
17.Nf3 Nb3 18.Be3 Qb7 19.g4 Nd7 20.f5 Rfc8 21.d4 Nf6 22.fxe6 fxe6 23.Ng5 e5
24.d5 Bd7 25.Ne6 Bxe6 26.dxe6 Rf8 27.g5 Ne8 28.Qh5 g6 29.Qh3 Ng7 30.Ng4 Nh5
31.Nf6+ Nxf6 32.gxf6 Rxf6 33.Rxf6 Bxf6 34.Rxd6 Rd8 35.Rd5 Qc6 36.Qg4 Nd4
37.Bxd4 exd4 38.h4 d3 39.e5 Rxd5 40.exf6 d2 41.Bxd5 Qxd5 42.Qd1 Qd4+ 43.Kg2 Qe4+
44.Kf1 Qxe6 45.Qxd2 Qxf6+ 46.Kg2 Qc6+ 47.Kg3 a4 48.Qd4 h5 49.Qe5 Kf7 50.Qf4+ Ke6
51.Qe3+ Kd7 52.Qf2 Qd6+ 53.Kg2 Qd5+ 54.Kg3 Qd3+ 55.Kg2 Ke6 56.Qb6+ Kd5  0-1

[Event "Chebanenco mem 1st"]
[Site "Kishinev"]
[Date "1998.02.16"]
[Round "8"]
[White "Bologan, Viktor"]
[Black "Rogozenko, Dorin"]
[Result "1-0"]
[WhiteElo "2580"]
[BlackElo "2495"]

1.e4 c5 2.Nf3 d6 3.d4 cxd4 4.Nxd4 Nf6 5.Nc3 g6 6.Be3 Bg7 7.f3 Nc6 8.Qd2 O-O
9.O-O-O d5 10.Qe1 e5 11.Nxc6 bxc6 12.exd5 Nxd5 13.Bc4 Be6 14.Ne4 Qc7 15.Bc5 Rfd8
16.g4 Nf4 17.Bxe6 Nxe6 18.Bd6 Qb6 19.Qc3 Nd4 20.Kb1 Nb5 21.Qb3 Nxd6 22.Nxd6 Qc7
23.Qb7 Qxb7 24.Nxb7 Rd5 25.c4 Rd4 26.Rxd4 exd4 27.Re1 Bf6 28.Nc5 Kg7 29.f4 Rh8
30.Nd3 g5 31.fxg5 Bxg5 32.Re5 f6 33.Ra5 h5 34.Rxa7+ Kg6 35.gxh5+ Rxh5 36.Rd7 Be3
37.a4 Kf5 38.Re7 Kg4 39.c5 f5 40.a5 f4 41.a6 Rxh2 42.a7 Rh8 43.Ne5+ Kg3 44.Rg7+ Kf2
45.Nd7 Ra8 46.Nb6 Rxa7 47.Rxa7 f3 48.b4 Ke2 49.Rf7 f2 50.b5 f1=Q+ 51.Rxf1 Kxf1
52.bxc6 d3 53.Nd5 Bd4 54.c7 d2 55.Kc2 Ke2 56.Nc3+ Bxc3 57.c8=Q d1=Q+ 58.Kxc3 Ke3
59.Qe6+ Kf3 60.Qf5+ Ke3 61.Qe5+  1-0

[Event "New York op"]
[Site "New York"]
[Date "1998.03.16"]
[Round "1"]
[White "Mayer, Steven F"]
[Black "Bologan, Viktor"]
[Result "0-1"]
[WhiteElo "2220"]
[BlackElo "2580"]

1.e4 c5 2.Nf3 e6 3.d3 Nc6 4.g3 g6 5.Bg2 Bg7 6.O-O d6 7.c3 e5 8.a3 a5 9.a4 Nge7
10.Na3 O-O 11.Nb5 h6 12.d4 exd4 13.cxd4 Bg4 14.dxc5 dxc5 15.h3 Be6 16.Bf4 Qxd1
17.Rfxd1 Rad8 18.Bd6 b6 19.Rd2 Rd7 20.Nc7 Nd4 21.Nxd4 Rxd6 22.Ncxe6 fxe6
23.Nf3 Rxd2 24.Nxd2 Bxb2 25.Rb1 Bd4 26.Nf3 e5 27.Nxd4 exd4 28.Bf1 Rf3 29.Rxb6 Rc3
30.Rb3 Nc6 31.Rb6 Ne5 32.f4 Rxg3+ 33.Kh2 Rf3 34.fxe5 Rxf1 35.Rxg6+ Kf7 36.Rc6 d3  0-1

[Event "New York op"]
[Site "New York"]
[Date "1998.03.17"]
[Round "3"]
[White "Georgiev, Kiril"]
[Black "Bologan, Viktor"]
[Result "1/2-1/2"]
[WhiteElo "2675"]
[BlackElo "2580"]

1.d4 d5 2.c4 c6 3.e3 Nf6 4.Nc3 a6 5.Bd3 Bg4 6.Nge2 e6 7.Qc2 Nbd7 8.Ng3 e5
9.cxd5 cxd5 10.dxe5 Nxe5 11.Be2 Bxe2 12.Qxe2 Bb4 13.Bd2 Nc4 14.O-O Nxd2 15.Qxd2 Rc8
16.Rac1 O-O 17.a3 Bxc3 18.Rxc3 Ne4 19.Nxe4 dxe4 20.Qc2 Rxc3 21.Qxc3 Qd5 22.Rc1 Rd8
23.h3 h6 24.a4 b5 25.b3 Kh7 26.axb5 Qxb5 27.Qc4 Qxc4 28.Rxc4 Rd1+ 29.Kh2 Rd2
30.Kg3 Rb2 31.b4 f5 32.Rc5 Kg6 33.Ra5 Rxb4 34.Rxa6+ Kf7 35.h4 Rb2 36.h5 Rc2
37.Rb6  1/2-1/2

[Event "New York op"]
[Site "New York"]
[Date "1998.03.18"]
[Round "5"]
[White "Rohl, Juan"]
[Black "Bologan, Viktor"]
[Result "0-1"]
[WhiteElo "2375"]
[BlackElo "2580"]

1.e4 c5 2.Nf3 e6 3.Nc3 a6 4.d4 cxd4 5.Nxd4 b5 6.Bd3 d6 7.O-O Nf6 8.Qe2 Be7
9.Kh1 Qc7 10.f4 Nbd7 11.Bd2 Bb7 12.b4 O-O 13.a4 bxa4 14.Rxa4 Nb6 15.Ra5 Rfc8
16.e5 Nc4 17.exf6 Bxf6 18.Bxc4 Bxd4 19.Bxa6 Bxa6 20.Rxa6 Bxc3 21.Bxc3 Qxc3
22.Rxd6 Qxb4 23.Qd2 Qc4 24.Rd1 g6 25.h3 Kg7 26.Rc1 Ra4 27.f5 exf5 28.c3 Ra2
29.Qg5 Qe4 30.Qf6+ Kg8 31.Rg1 Re2 32.Rd7 Qe6 33.Qd4 Re4 34.Qd3 Kg7 35.Rd6 Qe5
36.Qa6 Rxc3 37.Rd3 Rc2 38.Rf3 Ree2 39.Qd3 Qe4 40.Qa3 Qe5 41.Qd3 Rcd2 42.Qa3 Qb2
43.Qxb2+ Rxb2 44.Ra3 f4 45.Rf3 g5 46.h4 h6 47.hxg5 hxg5 48.Rh3 Kg6 49.Rf1 Rxg2
50.Rxf4 Rh2+  0-1

[Event "New York op"]
[Site "New York"]
[Date "1998.03.20"]
[Round "7"]
[White "Ashley, Maurice"]
[Black "Bologan, Viktor"]
[Result "0-1"]
[WhiteElo "2500"]
[BlackElo "2580"]

1.e4 c5 2.Nf3 e6 3.d4 cxd4 4.Nxd4 a6 5.Bd3 g6 6.c4 Bg7 7.Nb3 Ne7 8.O-O O-O
9.Nc3 Nbc6 10.c5 d5 11.Qe2 dxe4 12.Bxe4 e5 13.Bg5 f6 14.Rad1 Qc7 15.Nd5 Nxd5
16.Bxd5+ Kh8 17.Bd2 a5 18.a4 Bd7 19.Qe1 Bf5 20.Bxc6 Qxc6 21.Nxa5 Qxa4 22.Ra1 Qb5
23.Qc1 Be6 24.b4 Rad8 25.Bc3 Rd3 26.Qb2 Rfd8 27.Rfe1 h5 28.f4 h4 29.fxe5 f5
30.Qf2 h3 31.Rac1 Kg8 32.Rc2 R8d7 33.Ba1 Qxb4 34.c6 bxc6 35.Nxc6 Qa4 36.Nb8 Rb7
37.Nc6 Bd5 38.Nd4 Rb8 39.Nf3 hxg2 40.Rc3 Rd1 41.Rc1 Rxc1 42.Rxc1 Qf4 43.Nd2 Qxf2+
44.Kxf2 Bh6  0-1

[Event "New York op"]
[Site "New York"]
[Date "1998.03.21"]
[Round "8"]
[White "Bologan, Viktor"]
[Black "Aleksandrov, Aleksej"]
[Result "0-1"]
[WhiteElo "2580"]
[BlackElo "2615"]

1.e4 e5 2.Nf3 Nc6 3.Bb5 Nf6 4.O-O Nxe4 5.d4 Nd6 6.Bxc6 dxc6 7.dxe5 Nf5 8.Qxd8+ Kxd8
9.h3 Ke8 10.Nc3 a5 11.Re1 Bb4 12.Bd2 Be6 13.a3 Bxc3 14.Bxc3 c5 15.g4 Ne7
16.Kh2 Kd7 17.Ng5 h6 18.Ne4 Kc6 19.f4 g6 20.Bd2 b6 21.Be3 Nd5 22.Kg3 Rad8
23.Bf2 c4 24.Rad1 b5 25.Rd4 Ne7 26.c3 Rxd4 27.Bxd4 Rb8 28.Nc5 Ra8 29.Rf1 Rg8
30.Kf2 Nd5 31.Kf3 Ne7 32.Ke3 Rh8 33.Kf3 Bd5+ 34.Kg3 Rg8 35.Re1 Be6 36.Re2 Rd8
37.Rd2 Rg8 38.Bf2 Bd5 39.Re2 Be6 40.Rd2 Bd5 41.Rd1 Ra8 42.Be3 Rb8 43.Rf1 Rg8
44.Kh4 Be6 45.Bd4 Ra8 46.Ne4 b4 47.axb4 axb4 48.Ng3 b3 49.f5 Bd5 50.e6 gxf5
51.exf7 f4 52.Kh5 Bxf7+ 53.Kxh6 fxg3 54.Rxf7 Nd5 55.g5 g2 56.g6 Rh8+ 57.Rh7 Re8
58.g7 Ne3 59.g8=Q Rxg8 60.Bxe3 Rg3  0-1

[Event "New York op"]
[Site "New York"]
[Date "1998.03.22"]
[Round "9"]
[White "Fedorowicz, John P"]
[Black "Bologan, Viktor"]
[Result "1/2-1/2"]
[WhiteElo "2495"]
[BlackElo "2580"]

1.d4 d5 2.c4 c6 3.cxd5 cxd5 4.Nf3 Nc6 5.Nc3 Nf6 6.Bf4 a6 7.e3 Bg4 8.h3 Bxf3
9.Qxf3 e6 10.Bd3 Bd6 11.Bg5 Be7 12.Bxf6 Bxf6 13.O-O O-O 14.Rac1 Qd6 15.Qe2 e5
16.dxe5 Qxe5 17.e4 dxe4 18.Qxe4 Qh5 19.Rfe1 g6 20.Qe2 Qa5 21.Bc4 Rad8 22.Ne4 Bg7
23.Red1 Nd4 24.Qe1 Qb6 25.Ng5 Bf6 26.Ne4 Be5 27.Qe3 Kg7 28.Kh1 Rfe8 29.Re1 Bb8
30.Qc3 Qc7 31.g3 Qc6 32.Bf1 Qd5 33.Bg2 b6 34.f4 Qa5 35.b4 Qxa2 36.Re3 a5
37.Rd3 axb4 38.Qxb4 Ne2 39.Rxd8 Rxd8 40.Qxb6 Rf8 41.Qf6+ Kg8 42.Ra1 Qb3 43.Qh4 Qb2
44.Re1 Rc8 45.Kh2 Kg7 46.f5 Nxg3 47.Nxg3 Rc2 48.Kh1 Bxg3 49.Qxg3 Rc1 50.f6+ Kg8
51.Rxc1 Qxc1+ 52.Kh2 Qb2 53.Qd6 h5 54.h4 Qf2 55.Kh3 Qf5+ 56.Kh2 Qg4 57.Qg3 Qd4
58.Qg5 Kh7 59.Bd5 Qf2+ 60.Bg2 Qd4  1/2-1/2

[Event "Presidents Cup"]
[Site "Elista"]
[Date "1998.05.07"]
[Round "1.1"]
[White "Bologan, Viktor"]
[Black "Akopian, Vladimir"]
[Result "1/2-1/2"]
[WhiteElo "2580"]
[BlackElo "2660"]

1.e4 c5 2.Nf3 d6 3.d4 cxd4 4.Nxd4 Nf6 5.Nc3 a6 6.Be3 e5 7.Nb3 Be7 8.f3 Be6
9.Qd2 Nbd7 10.g4 h6 11.O-O-O b5 12.Kb1 Nb6 13.Qf2 Nfd7 14.h4 Qc7 15.Nd5 Bxd5
16.exd5 Nc4 17.Bc1 Qb6 18.Qe1 a5 19.f4 a4 20.Na1 Rc8 21.a3 exf4 22.Bxf4 Nde5
23.Be2 O-O 24.g5 Rfe8 25.Qg1 Qxg1 26.Rdxg1 hxg5 27.hxg5 Rc5 28.Rd1 Ng6 29.Bg3 Ne3
30.Rd3 Bxg5 31.Bxd6 Rcc8 32.Bh5 Red8 33.Bb4 Rxd5 34.Bxg6 fxg6 35.Bd2 Rxd3
36.cxd3 Rd8 37.Rg1 Rxd3 38.Rxg5 Rxd2 39.Rxb5 Kf7 40.b3 axb3 41.Nxb3 Rd1+
42.Kb2 Nc4+ 43.Kc3 Nxa3 44.Ra5 Nb1+ 45.Kc2 Rf1 46.Ra1  1/2-1/2